| 000 | 01320nam a2200337 a 4500 | ||
|---|---|---|---|
| 999 |
_c435927 _d435927 |
||
| 003 | BLK | ||
| 005 | 20240417162250.0 | ||
| 008 | 180408b bul|||||r ||||||| ||bul|| | ||
| 020 | _a9786197596014 | ||
| 040 | _aBLK | ||
| 041 |
_aBUL _cBUL |
||
| 080 |
_aРуска литература _b821.161.1 _x-93-34 _z821.161.1-93-34 |
||
| 100 | 1 |
_aТолстой, Лев Николаевич _eпърви автор _9367573 |
|
| 139 |
_aТолстой, Лев Николаевич _bТ 67 |
||
| 245 | 1 | 0 |
_aИван Глупака _cЛев Николаевич Толстой; прев. от рус. Ася Григорова; ил. Калина Мухова |
| 260 |
_bЛист _c2020 _9216827 _aСофия _n978-619-7350- |
||
| 300 |
_a80 с. _bс ил. _c21х21 см |
||
| 380 | _aDX | ||
| 490 |
_aПоредица Детски шедьоври от велики писатели _9209350 |
||
| 700 | 1 |
_aГригорова, Ася Иванова _956189 |
|
| 700 |
_aМухова, Калина _eил. _9392306 |
||
| 852 |
_bД _c821-93/Т 67 |
||
| 852 |
_aЦб 315538 _bЦб |
||
| 856 | 4 |
_qpdf _i0.00 _ldisable |
|
| 856 | 4 |
_qpdf _i0.00 _ldisable |
|
| 942 |
_cKNG _n0 _s1 _01 |
||
| 944 |
_aCR _c2021-11-05 _k30560 _lГеновева Генчева |
||
| 944 |
_aED _c2022-12-15 _kир |
||
| 999 | _d435927 | ||
| 999 | _d435927 | ||